Procesos interculturales: antropología política del pluralismo cultural en América Latina

Gespeichert in:
Bibliographische Detailangaben
1. Verfasser: Bartolomé, Miguel Alberto (VerfasserIn)
Format: Buch
Sprache:Spanisch
Veröffentlicht: Ciudad de México Siglo Veintiuno 2008
Ausgabe:2a. ed
Schriftenreihe:Antropología
Schlagworte:
Tags: Tag hinzufügen
Keine Tags, Fügen Sie den ersten Tag hinzu!

MARC

LEADER 00000nam a2200000 a 4500
001 UCH1446
003 CL-VaPUC
008 090427e20080000MX |||||||||||||||||spa|d
020 |a 9789682326233 
082 0 4 |a 320.01  |b BAR  |2 21 
100 0 |a Bartolomé, Miguel Alberto  |e author  |9 535934 
245 1 0 |a Procesos interculturales: antropología política del pluralismo cultural en América Latina 
250 |a 2a. ed 
300 |a 302 p 
942 |c BK 
945 |d 20090427 00:00:00  |a rbrito 
260 |a Ciudad de México  |b Siglo Veintiuno  |c 2008 
650 0 |a Antropología política  |9 393207 
650 7 |a TEORIA POLITICA  |2 CL-VaPUC  |9 535935 
650 0 |a Política  |9 255312 
650 0 |a Antropología social  |9 306264 
583 |a last modification  |c 20090427 00:00:00  |k Rodrigo Vera 
490 0 |a Antropología 
999 |c 333484  |d 333482 
952 |0 0  |1 0  |4 0  |6 320_010000000000000_BAR_2008  |7 0  |8 A  |9 421919  |a BIBGIM  |b BIBGIM  |d 2019-11-22  |i 4542487  |o 320.01 BAR 2008  |p 4542487  |r 2025-01-15  |w 2019-11-22  |y BK  |k SSL